| 000 | 01621nam a2200481 i 4500 | ||
|---|---|---|---|
| 001 | 7763 | ||
| 003 | KOSZ 005 | ||
| 005 | 20230127112033.0 | ||
| 008 | 990506s1983 pl a |000 0 pol | ||
| 015 | _aUWD 1984/3361 | ||
| 035 | _a991009638359705066 | ||
| 035 | _a(PL-WaBN)b12605955-48omnis_nlop | ||
| 035 | _ab12605955 | ||
| 035 | _a(OCoLC)830238999 | ||
| 035 | _axx003119867 | ||
| 035 | _a(PL)b0000001260595 | ||
| 035 | _a(EXLNZ-48OMNIS_NETWORK)9910345065505606 | ||
| 040 |
_aWA N _cWA N _dWA N _dKR U _dWA N _dKOSZ 005/HR |
||
| 041 | 0 | _apol | |
| 046 | _k1983 | ||
| 080 | _a621.3.049.77 | ||
| 080 | _a(075.8) | ||
| 100 | 1 |
_aFilipkowski, Andrzej _d(1929-2020) _eAutor |
|
| 245 | 1 | 0 |
_aProjektowanie układów scalonych / _cAndrzej Filipkowski. |
| 260 |
_aWarszawa : _bWydawnictwa Politechniki Warszawskiej, _c1983. |
||
| 300 |
_a185 s. : _brys., wykr. ; _c24 cm. |
||
| 336 |
_aTekst _btxt _2rdacontent |
||
| 337 |
_aBez urządzenia pośredniczącego _bn _2rdamedia |
||
| 338 |
_aWolumin _bnc _2rdacarrier |
||
| 380 | _aKsiążki | ||
| 388 | _a1901-2000 | ||
| 388 | _a1945-1989 | ||
| 490 | 1 | _aSkrypty WPW dla Kierunku Elektronika | |
| 504 | _aBibliogr. s. 184-185. | ||
| 650 | 7 |
_aUkład scalony _2DBN |
|
| 655 | 7 |
_aPodręczniki akademickie _2DBN |
|
| 658 | _aInżynieria i technika | ||
| 710 | 2 |
_aOficyna Wydawnicza Politechniki Warszawskiej _4pbl |
|
| 830 | 0 | _aSkrypty WPW dla Kierunku Elektronika | |
| 856 |
_uhttp://koha.tu.koszalin.pl/cgi-bin/koha/opac-detail.pl?biblionumber=7763 _yKatalog online BPK |
||
| 942 |
_2UKD _cKS |
||
| 999 |
_c7763 _d7763 |
||